Vista normal
Vista MARC
Entrada Geographic Name
Número de registros utilizados en: 4
001 - CONTROL NUMBER
- control field: 67115
003 - CONTROL NUMBER IDENTIFIER
- control field: OSt
005 - DATE AND TIME OF LATEST TRANSACTION
- control field: 20251112132637.0
008 - FIXED-LENGTH DATA ELEMENTS
- fixed length control field: 251112|| aca||aabn | a|a d
040 ## - CATALOGING SOURCE
- Original cataloging agency: OSt
- Transcribing agency: OSt
151 ## - HEADING--GEOGRAPHIC NAME
- Geographic name: Colombia
- General subdivision: Aspectos culturales
670 ## - SOURCE DATA FOUND
- Source citation: Work cat.: (OSt)59905: Gutiérrez Gracia, Luz Myriam aut 62241, Diseño iconográfico :